Electrical and electronic waste management/ (Record no. 4199)
| 000 -LEADER | |
|---|---|
| fixed length control field | 00383nam a22001457a 4500 |
| 003 - CONTROL NUMBER IDENTIFIER | |
| control field | OSt |
| 005 - DATE AND TIME OF LATEST TRANSACTION | |
| control field | 20190715143339.0 |
| 008 - FIXED-LENGTH DATA ELEMENTS--GENERAL INFORMATION | |
| fixed length control field | 190715b xxu||||| |||| 00| 0 eng d |
| 050 ## - LIBRARY OF CONGRESS CALL NUMBER | |
| Classification number | TD799.85.S56 2019 |
| 100 ## - MAIN ENTRY--PERSONAL NAME | |
| Personal name | Shoni, A. Daniel |
| 245 ## - TITLE STATEMENT | |
| Title | Electrical and electronic waste management/ |
| Statement of responsibility, etc | Daniel Amwai Shoni |
| 260 ## - PUBLICATION, DISTRIBUTION, ETC. (IMPRINT) | |
| Place of publication, distribution, etc | Nairobi |
| Date of publication, distribution, etc | 2019 |
| 300 ## - PHYSICAL DESCRIPTION | |
| Extent | 55p |
| Dimensions | 26cm |
| 942 ## - ADDED ENTRY ELEMENTS (KOHA) | |
| Source of classification or shelving scheme | |
| Koha item type | Research Project |
| Withdrawn status | Lost status | Source of classification or shelving scheme | Damaged status | Not for loan | Home library | Current library | Shelving location | Date acquired | Total Checkouts | Full call number | Barcode | Date last seen | Copy number | Price effective from | Koha item type |
|---|---|---|---|---|---|---|---|---|---|---|---|---|---|---|---|
| Riara University Library | Riara University Library | Special Collection | 15/07/2019 | RUSC TD799.85.S56 2019 | 375/19 | 16/07/2019 | C.1 | 15/07/2019 | Research Project | ||||||
| Riara University Library | Riara University Library | Special Collection | 14/11/2019 | RUSC TD799.85.S56 2019 | 10318/19 | 14/11/2019 | C.2 | 14/11/2019 | Research Project |
